Off-Farm Income and Risk Reduction in Agriculture When Does It Matter?
Gespeichert in:
| 1. Verfasser: | |
|---|---|
| Weitere Verfasser: | , |
| Format: | Buch |
| Sprache: | Englisch |
| Veröffentlicht: |
Atlanta
Federal Reserve Bank of Atlanta
1995
|
| Ausgabe: | 1. ed. |
| Schriftenreihe: | Working Paper
95-14 |
| Schlagworte: | |
| Tags: |
Keine Tags, Fügen Sie das erste Tag hinzu!
|
MARC
| LEADER | 00000nam a2200000 4500 | ||
|---|---|---|---|
| 001 | c012614 | ||
| 005 | 20250509104041.8 | ||
| 041 | 0 | |a eng | |
| 044 | |a US | ||
| 245 | 1 | 0 | |a Off-Farm Income and Risk Reduction in Agriculture |b When Does It Matter? |c Hans Andersson, B. Sailesh Ramamurtie, Bharat Ramaswami |
| 250 | |a 1. ed. | ||
| 264 | 1 | |a Atlanta |b Federal Reserve Bank of Atlanta |c 1995 | |
| 300 | |a 14 s. | ||
| 490 | 1 | |a Working Paper |v 95-14 | |
| 830 | 0 | |a Working Paper |v 95-14 | |
| 610 | 2 | 0 | |a poľnohospodárstvo |
| 610 | 2 | 0 | |a výnosy pôdy |
| 610 | 2 | 0 | |a výroba poľnohospodárska |
| 610 | 2 | 0 | |a riziko |
| 610 | 2 | 0 | |a roľníci jednotlivo hospodáriaci |
| 610 | 2 | 0 | |a farmy |
| 610 | 2 | 0 | |a hospodárnosť |
| 610 | 2 | 0 | |a rentabilita |
| 100 | 1 | |a Andersson, Hans | |
| 700 | 1 | |a Ramamurtie, B. Sailesh | |
| 700 | 1 | |a Ramaswami, Bharat | |